00601cam8a220021700 4500001001200000008004100012035001900053035001800072100002500090245004100115260001000156949003700166004000600203591002300209591004700232591001700279591003100296591002800327909000900355999001900364zam00002321951128s1973 xx eng u a(Sirsi) r19700 a(MACHINE)SLC. aPachal, B.6A80673.110aMalawi :bthe history of the nation. c1973. aDT853wlccmMAINtBOOKlON-SHELF19700 aClass code: H 410. aCourse: Land and labour in central Africa. aSchool: S05. aLecturer: Dr. CHIPUNGU, S. aNumber of Students: 14. aBook c169569d169569